| 000 | 00540nam a2200193Ia 4500 | ||
|---|---|---|---|
| 003 | GCL | ||
| 008 | 140319s9999 xx 000 0 eng d | ||
| 040 |
_aGCL / _cGCL |
||
| 082 | 0 | 4 |
_a796.407 _bG U |
| 100 | 1 | _aGALLAHUE, DAVID | |
| 245 | 1 | 0 |
_aUNDERSTANDING MOTOR DEVELOPMENT INFANTS , CHILDREN , ADOLESCENTS ADULTS / _cGALLAHUE, DAVID |
| 700 | 1 | _aOZMAN, JOHNC | |
| 260 |
_a[S.N] : _bWCB BROWN & BENCHANARK ، _c1995 |
||
| 300 | _a569 P P | ||
| 650 | 0 | 4 | _aFITNESS |
| 650 | 0 | 4 | _aSPORT |
| 650 | 0 | 4 | _aMOTOR - DEVELOPEMENT |
| 942 |
_2ddc _cBK |
||
| 999 |
_c11582 _d11582 |
||